000 00324nab a22001097u 4500
008 130520b1982 xxu||||| |||| 00| 0 spa d
041 _aspa
100 1 _aDyrud, J.
_967237
245 0 0 _aEl "narcisismo" como modelo cultural dominante
_cJ. Dyrud
773 0 _tConcilium
_gV.2,1982,págs.394-400
_x0210-1041
_wRev134
942 _cAR
999 _c354849
_d354849